Statistics for Formula One Quiz #1

Click here to take the quiz!

General Stats

  • This quiz has been taken 584 times
  • The average score is 7 of 17

Answer Stats

QuestionAnswer% Correct
How many drivers went into Brazil 2010 in contention for the title?4
96%
Who are the three Nordic drivers in Formula One?Kimi Räikkönen
62%
Who are the three Nordic drivers in Formula One?Valtteri Bottas
61%
Monza has held the most grands prix of any circuit. How many?67
54%
Who are the most recent two British drivers for Renault?Jolyon Palmer
50%
Which constructor has the most consecutive poles (across multiple seasons)?Williams
50%
Who was the last Frenchman to win a grand prix?Olivier Panis
48%
Which season had seven different winners before a non-unique one occured?2012
47%
Who is the only champion 'on two wheels and four'?John Surtees
46%
Which inactive constructor has entered the most races?Lotus
39%
Who are the three Nordic drivers in Formula One?Marcus Ericsson
37%
Who are the most recent two British drivers for Renault?Jenson Button
36%
Which driver has the most grand chelems in history?JIm Clark
30%
Which driver has scored the most points without a driver’s title?Felipe Massa
29%
Who did Esteban Ocon replace mid-season at Manor?Rio Haryanto
28%
Which race has Ferrari won the most?Germany
8%
Martin Brundle entered 165 races without doing what?Leading
5%

Score Distribution

Percentile by Number Answered

Percent of People with Each Score

Your Score History

You have not taken this quiz